| 000 | 00822nam a2200241 i 4500 | ||
|---|---|---|---|
| 001 | 47551 | ||
| 003 | ES-MaACL | ||
| 005 | 20250714123555.0 | ||
| 007 | t| | ||
| 008 | 030505s1916 sp |||| | spa d | ||
| 080 | _a821.134.2-32"19" | ||
| 100 | 1 |
_aBurgos, Carmen de, _d1867-1932 _932646 |
|
| 245 | 1 | 0 |
_aVilla-María _b: novela inédita / _cpor Carmen de Burgos (Colombine). |
| 260 |
_aMadrid : _bLa Novela Corta, _c1916. |
||
| 300 |
_a34 p. ; _c19 cm. |
||
| 490 | 1 |
_aLa Novela Corta ; _v8 |
|
| 530 | _aDisponible en formato digital. | ||
| 830 | 0 |
_aLa Novela Corta ; _v8 _9182142 |
|
| 852 |
_aES-MaACL _jG-4947(8) _cDEPO2 _zRevisado enlace: 14 de julio de 2025 |
||
| 856 | 4 |
_uhttp://bdh-rd.bne.es/viewer.vm?id=0000234043&page=1 _yBiblioteca Digital Hispánica |
|
| 942 | _2udc | ||
| 999 |
_c47551 _d47551 |
||